00707nam a2200217Ia 4500008004000000020001800040041000800058082001600066100001800082245003600100260004500136300001300181650001000194650001000204650001300214650001100227690002700238906001100265999001900276952019400295210210b2018 xxu||||| |||| 00| 0 eng d a9788129120854 aeng a820.33 KANK aKANE (Kavita) aKarnas wife: the outcasts queen aNew DelhibRupa Publications Indiac2018 aviii,310 awife: aqueen aoutcasts aKarnas aIndian English Fiction a072721 c122566d122566 001040708GeneralaALbALcEnglish Literatured2021-02-17eNavakarnataka Publication Pvt Ltd Mangaloreg295.00l11m2o820.33 KANKp072721r2026-02-21 12:43:19s2026-02-11w2021-02-17yBK